[Event "Greek Team Championship"]
[Site "chess24.com"]
[Date "2017.07.07"]
[Round "6"]
[White "Barski, Radoslaw"]
[Black "Stankovic, Milos"]
[Result "1-0"]
[Board "2"]
[WhiteElo "2411"]
[WhiteCountry "POL"]
[WhiteFideId "1131710"]
[WhiteEloChange "5"]
[BlackElo "2395"]
[BlackTitle "IM"]
[BlackCountry "SRB"]
[BlackFideId "938190"]
[BlackEloChange "-10"]

1. e4 {[%clk 1:30:56]} e6 {[%clk 1:30:33]} 2. d4 {[%clk 1:31:21]} d5 {[%clk
1:30:32]} 3. Nc3 {[%clk 1:31:40]} Nf6 {[%clk 1:29:34]} 4. e5 {[%clk 1:32:05]}
Nfd7 {[%clk 1:28:36]} 5. Nce2 {[%clk 1:32:20]} c5 {[%clk 1:25:27]} 6. c3 {[%clk
1:32:46]} cxd4 {[%clk 1:19:43]} 7. cxd4 {[%clk 1:33:10]} f6 {[%clk 1:18:25]} 8.
f4 {[%clk 1:33:25]} Nc6 {[%clk 1:15:47]} 9. Nf3 {[%clk 1:33:51]} Bb4+ {[%clk
1:07:02]} 10. Bd2 {[%clk 1:34:12]} Qb6 {[%clk 1:06:40]} 11. Bxb4 {[%clk 1:29:24]}
Qxb4+ {[%clk 1:06:30]} 12. Qd2 {[%clk 1:29:44]} Qb6 {[%clk 1:04:14]} 13. h4
{[%clk 1:17:16]} O-O {[%clk 0:58:07]} 14. Rh3 {[%clk 1:17:22]} a5 {[%clk
0:57:13]} 15. Rd1 {[%clk 1:08:03]} a4 {[%clk 0:48:01]} 16. a3 {[%clk 1:06:55]}
Na5 {[%clk 0:43:14]} 17. Nc3 {[%clk 1:03:02]} Nb3 {[%clk 0:37:57]} 18. Qe3 {[%clk
1:02:02]} Qa5 {[%clk 0:34:46]} 19. Bb5 {[%clk 0:54:11]} fxe5 {[%clk 0:29:03]} 20.
fxe5 {[%clk 0:49:57]} Nb6 {[%clk 0:27:31]} 21. Rg3 {[%clk 0:44:34]} Nc4 {[%clk
0:25:11]} 22. Qg5 {[%clk 0:32:48]} Qc7 {[%clk 0:24:28]} 23. Bxc4 {[%clk 0:32:02]}
dxc4 {[%clk 0:24:50]} 24. Nb5 {[%clk 0:30:18]} Qd7 {[%clk 0:23:57]} 25. Nd6
{[%clk 0:28:27]} b5 {[%clk 0:21:56]} 26. Qh5 {[%clk 0:24:38]} Bb7 {[%clk
0:17:21]} 27. Ng5 {[%clk 0:14:57]} h6 {[%clk 0:16:34]} 28. Nh3 {[%clk 0:10:42]}
b4 {[%clk 0:11:21]} 29. Qxh6 {[%clk 0:08:53]} c3 {[%clk 0:11:03]} 30. Qg6 {[%clk
0:07:10]} Ba6 {[%clk 0:06:28]} 31. Rf3 {[%clk 0:07:06]} Rxf3 {[%clk 0:02:48]} 32.
gxf3 {[%clk 0:07:34]} Nd2 {[%clk 0:03:11]} 33. Rxd2 {[%clk 0:04:12]} cxd2+ {[%clk
0:03:35]} 34. Kxd2 {[%clk 0:04:39]} bxa3 {[%clk 0:03:16]} 35. bxa3 {[%clk
0:04:35]} Qa7 {[%clk 0:02:25]} 36. Qxe6+ {[%clk 0:04:54]} Kh8 {[%clk 0:02:54]}
37. Nf7+ {[%clk 0:04:38]} Kg8 {[%clk 0:03:21]} 38. Nfg5+ {[%clk 0:03:53]} Kh8
{[%clk 0:03:45]} 39. Nf7+ {[%clk 0:04:20]} Kg8 {[%clk 0:04:09]} 40. Nd8+ {[%clk
0:34:47]} Kf8 {[%clk 0:34:17]} 41. Qd6+ {[%clk 0:31:04]} Kg8 {[%clk 0:32:37]} 42.
Qd5+ {[%clk 0:22:16]} Kh8 {[%clk 0:32:00]} 43. Nf7+ {[%clk 0:18:06]} Kg8 {[%clk
0:32:21]} 44. Nfg5+ {[%clk 0:16:51]} Kh8 {[%clk 0:32:38]} 45. Nf4 {[%clk
0:16:33]} g6 {[%clk 0:31:48]} 46. Nxg6+ {[%clk 0:15:57]} Kg7 {[%clk 0:32:10]} 47.
Qd6 {[%clk 0:15:43]} Kg8 {[%clk 0:30:32]} 48. Qe6+ {[%clk 0:15:45]} Kg7 {[%clk
0:30:55]} 49. Qf6+ {[%clk 0:16:12]} 1-0

[Event "Greek Team Championship"]
[Site "chess24.com"]
[Date "2017.07.07"]
[Round "6"]
[White "Petrakis, Ilias"]
[Black "Katzourakis, Pavlos"]
[Result "0-1"]
[Board "3"]
[WhiteElo "2165"]
[WhiteCountry "GRE"]
[WhiteFideId "4208323"]
[WhiteEloChange "-12"]
[BlackElo "2104"]
[BlackCountry "GRE"]
[BlackFideId "4203798"]
[BlackEloChange "12"]

1. e4 {[%clk 1:30:56]} c5 {[%clk 1:30:18]} 2. Nf3 {[%clk 1:31:19]} e6 {[%clk
1:30:41]} 3. d4 {[%clk 1:31:43]} cxd4 {[%clk 1:31:07]} 4. Nxd4 {[%clk 1:32:10]}
Nf6 {[%clk 1:31:26]} 5. Nc3 {[%clk 1:32:35]} d6 {[%clk 1:31:39]} 6. g4 {[%clk
1:32:46]} h6 {[%clk 1:31:54]} 7. h3 {[%clk 1:33:02]} Nc6 {[%clk 1:29:35]} 8. Be3
{[%clk 1:33:21]} a6 {[%clk 1:29:54]} 9. Bg2 {[%clk 1:33:02]} Qc7 {[%clk 1:30:14]}
10. f4 {[%clk 1:32:34]} Be7 {[%clk 1:27:20]} 11. Qe2 {[%clk 1:31:40]} Nxd4 {[%clk
1:24:09]} 12. Bxd4 {[%clk 1:32:04]} e5 {[%clk 1:24:35]} 13. Be3 {[%clk 1:32:29]}
b5 {[%clk 1:24:05]} 14. g5 {[%clk 1:31:45]} hxg5 {[%clk 1:24:20]} 15. fxg5 {[%clk
1:32:10]} Nh5 {[%clk 1:24:00]} 16. Nd5 {[%clk 1:31:44]} Qa5+ {[%clk 1:21:32]} 17.
b4 {[%clk 1:26:31]} Qd8 {[%clk 1:21:56]} 18. Bb6 {[%clk 1:19:16]} Qd7 {[%clk
1:22:21]} 19. Nc7+ {[%clk 1:15:04]} Kf8 {[%clk 1:18:38]} 20. Nxa8 {[%clk
1:13:53]} Ng3 {[%clk 1:17:13]} 21. Qf3 {[%clk 1:13:39]} Nxh1 {[%clk 1:17:23]} 22.
Nc7 {[%clk 1:13:56]} Qc6 {[%clk 1:16:21]} 23. Nd5 {[%clk 1:13:28]} Bxg5 {[%clk
1:16:40]} 24. Bxh1 {[%clk 1:11:44]} Rxh3 {[%clk 1:16:42]} 25. Qg2 {[%clk
1:11:36]} Be6 {[%clk 1:08:42]} 26. Rd1 {[%clk 0:56:01]} f6 {[%clk 0:55:47]} 27.
Ba7 {[%clk 0:47:03]} Qc4 {[%clk 0:50:55]} 28. Rd3 {[%clk 0:38:58]} Rxd3 {[%clk
0:48:55]} 29. cxd3 {[%clk 0:39:24]} Qxd3 {[%clk 0:49:16]} 30. Qf3 {[%clk
0:38:19]} Qb1+ {[%clk 0:44:41]} 31. Kf2 {[%clk 0:38:07]} Qxa2+ {[%clk 0:42:41]}
32. Kg1 {[%clk 0:38:10]} Bxd5 {[%clk 0:39:55]} 33. exd5 {[%clk 0:38:34]} Qb1+
{[%clk 0:40:20]} 34. Kg2 {[%clk 0:38:22]} Qxb4 {[%clk 0:40:35]} 35. Qf5 {[%clk
0:37:29]} Qd2+ {[%clk 0:39:48]} 36. Kh3 {[%clk 0:37:15]} Qc3+ {[%clk 0:37:31]}
37. Bf3 {[%clk 0:35:26]} g6 {[%clk 0:33:04]} 38. Qg4 {[%clk 0:22:38]} f5 {[%clk
0:32:48]} 39. Qxg5 {[%clk 0:22:52]} Qxf3+ {[%clk 0:33:12]} 40. Kh4 {[%clk
0:53:09]} Kf7 {[%clk 1:01:54]} 41. Bb8 {[%clk 0:52:26]} Qh1+ {[%clk 1:02:03]} 42.
Kg3 {[%clk 0:52:51]} Qg1+ {[%clk 1:02:27]} 43. Kh4 {[%clk 0:53:17]} 0-1

[Event "Greek Team Championship"]
[Site "chess24.com"]
[Date "2017.07.07"]
[Round "6"]
[White "Kalaitzoglou, Panayotis"]
[Black "Karousos-Theodorakis, Nikolaos"]
[Result "1/2-1/2"]
[Board "4"]
[WhiteElo "2061"]
[WhiteCountry "GRE"]
[WhiteFideId "4202422"]
[WhiteEloChange "3"]
[BlackElo "2153"]
[BlackCountry "GRE"]
[BlackFideId "4275829"]
[BlackEloChange "-3"]

1. e4 {[%clk 1:30:44]} c5 {[%clk 1:30:55]} 2. c3 {[%clk 1:31:02]} d5 {[%clk
1:31:20]} 3. exd5 {[%clk 1:31:12]} Qxd5 {[%clk 1:31:44]} 4. d4 {[%clk 1:31:34]}
g6 {[%clk 1:32:11]} 5. Nf3 {[%clk 1:31:45]} Bg7 {[%clk 1:32:36]} 6. Nbd2 {[%clk
1:31:14]} cxd4 {[%clk 1:30:34]} 7. Bc4 {[%clk 1:30:53]} Qa5 {[%clk 1:29:34]} 8.
Nxd4 {[%clk 1:29:02]} Nf6 {[%clk 1:24:09]} 9. O-O {[%clk 1:27:08]} O-O {[%clk
1:24:06]} 10. Re1 {[%clk 1:23:54]} Nc6 {[%clk 1:18:23]} 11. Nxc6 {[%clk 1:17:49]}
bxc6 {[%clk 1:18:49]} 12. Rxe7 {[%clk 1:08:01]} Qc5 {[%clk 1:14:09]} 13. Re1
{[%clk 0:57:29]} Bf5 {[%clk 1:03:26]} 14. Bf1 {[%clk 0:45:30]} Ng4 {[%clk
0:41:35]} 15. Qf3 {[%clk 0:44:58]} Rfe8 {[%clk 0:40:28]} 16. Rxe8+ {[%clk
0:38:11]} Rxe8 {[%clk 0:40:54]} 17. Nb3 {[%clk 0:38:17]} Qb6 {[%clk 0:40:12]} 18.
Bf4 {[%clk 0:37:44]} a5 {[%clk 0:35:14]} 19. h3 {[%clk 0:33:57]} Nf6 {[%clk
0:29:39]} 20. Be3 {[%clk 0:26:38]} Qb7 {[%clk 0:28:40]} 21. Bd4 {[%clk 0:25:07]}
a4 {[%clk 0:26:22]} 22. Bxf6 {[%clk 0:22:52]} Bxf6 {[%clk 0:22:20]} 23. g4 {[%clk
0:22:07]} axb3 {[%clk 0:19:53]} 24. gxf5 {[%clk 0:22:24]} bxa2 {[%clk 0:18:36]}
25. Rxa2 {[%clk 0:17:54]} Kg7 {[%clk 0:17:32]} 26. b4 {[%clk 0:12:02]} Re1 {[%clk
0:16:08]} 27. Kg2 {[%clk 0:12:06]} Rc1 {[%clk 0:13:58]} 28. Ra3 {[%clk 0:12:06]}
Qe7 {[%clk 0:12:37]} 29. Qxc6 {[%clk 0:06:54]} Qe1 {[%clk 0:12:37]} 30. Qc4
{[%clk 0:06:56]} Rc2 {[%clk 0:10:01]} 31. Qf4 {[%clk 0:06:47]} Rc1 {[%clk
0:08:12]} 32. Qc4 {[%clk 0:07:04]} Rc2 {[%clk 0:06:55]} 33. Qf4 {[%clk 0:07:10]}
Rc1 {[%clk 0:06:25]} 34. Qc4 {[%clk 0:07:26]} Rc2 {[%clk 0:06:37]} 35. Qf4 {[%clk
0:06:56]} 1/2-1/2

[Event "Greek Team Championship"]
[Site "chess24.com"]
[Date "2017.07.07"]
[Round "6"]
[White "Szczepkowska, Karina"]
[Black "Markaki, Sofia"]
[Result "1-0"]
[Board "5"]
[WhiteElo "2414"]
[WhiteTitle "IM"]
[WhiteCountry "POL"]
[WhiteFideId "1122681"]
[WhiteEloChange "1"]
[BlackElo "1670"]
[BlackCountry "GRE"]
[BlackFideId "4248848"]
[BlackEloChange "-2"]

1. e4 {[%clk 1:30:53]} c5 {[%clk 1:30:57]} 2. Nc3 {[%clk 1:31:16]} d6 {[%clk
1:31:22]} 3. g3 {[%clk 1:29:57]} g6 {[%clk 1:31:45]} 4. Bg2 {[%clk 1:30:18]} Nc6
{[%clk 1:32:07]} 5. d3 {[%clk 1:29:26]} Bg7 {[%clk 1:32:30]} 6. f4 {[%clk
1:29:42]} e6 {[%clk 1:32:52]} 7. Nf3 {[%clk 1:30:03]} Nge7 {[%clk 1:33:15]} 8.
O-O {[%clk 1:29:31]} O-O {[%clk 1:33:21]} 9. Ne2 {[%clk 1:29:40]} Nd4 {[%clk
1:28:39]} 10. c3 {[%clk 1:28:15]} Nxe2+ {[%clk 1:28:44]} 11. Qxe2 {[%clk
1:28:40]} a6 {[%clk 1:11:41]} 12. Be3 {[%clk 1:27:49]} Qa5 {[%clk 1:06:43]} 13.
a3 {[%clk 1:24:36]} Bd7 {[%clk 0:59:23]} 14. Nd2 {[%clk 1:19:59]} Rac8 {[%clk
0:50:51]} 15. g4 {[%clk 1:15:47]} f5 {[%clk 0:48:58]} 16. exf5 {[%clk 1:13:23]}
exf5 {[%clk 0:48:52]} 17. Bxb7 {[%clk 1:11:20]} Rb8 {[%clk 0:48:55]} 18. Nc4
{[%clk 1:11:47]} Qc7 {[%clk 0:48:08]} 19. Bf3 {[%clk 1:11:59]} fxg4 {[%clk
0:31:50]} 20. Bxg4 {[%clk 1:11:44]} Kh8 {[%clk 0:32:11]} 21. Rae1 {[%clk
1:07:52]} Nf5 {[%clk 0:22:02]} 22. Bc1 {[%clk 1:04:20]} Rbe8 {[%clk 0:20:43]} 23.
Qf2 {[%clk 1:04:41]} Nh6 {[%clk 0:17:05]} 24. Bf3 {[%clk 1:02:09]} Bf5 {[%clk
0:14:35]} 25. Rxe8 {[%clk 1:01:42]} Rxe8 {[%clk 0:14:58]} 26. Re1 {[%clk
1:02:08]} Re7 {[%clk 0:10:45]} 27. Rxe7 {[%clk 0:58:52]} Qxe7 {[%clk 0:11:08]}
28. Qe2 {[%clk 0:59:19]} Qd7 {[%clk 0:10:33]} 29. Bd2 {[%clk 0:58:47]} Ng8 {[%clk
0:03:42]} 30. Be3 {[%clk 0:56:15]} h6 {[%clk 0:03:52]} 31. Bf2 {[%clk 0:56:13]}
Kh7 {[%clk 0:03:05]} 32. Ne3 {[%clk 0:54:46]} Be6 {[%clk 0:03:13]} 33. Nd5 {[%clk
0:51:23]} Bf5 {[%clk 0:02:10]} 34. Be4 {[%clk 0:48:45]} Nf6 {[%clk 0:02:13]} 35.
Bf3 {[%clk 0:46:46]} Qf7 {[%clk 0:01:58]} 36. Ne3 {[%clk 0:45:47]} Be6 {[%clk
0:02:12]} 37. Bg3 {[%clk 0:45:08]} Nd5 {[%clk 0:01:55]} 38. Ng2 {[%clk 0:43:59]}
Bf8 {[%clk 0:01:42]} 39. Qe4 {[%clk 0:42:41]} Nb6 {[%clk 0:01:09]} 40. Qc6 {[%clk
1:11:24]} Qa7 {[%clk 0:31:08]} 41. Nh4 {[%clk 1:08:58]} Bf5 {[%clk 0:15:41]} 42.
Nxf5 {[%clk 1:07:48]} gxf5 {[%clk 0:16:04]} 43. Bh5 {[%clk 1:04:37]} Nd7 {[%clk
0:14:07]} 44. Qd5 {[%clk 1:04:30]} Kh8 {[%clk 0:10:43]} 45. Bh4 {[%clk 0:59:38]}
Nb6 {[%clk 0:08:31]} 46. Qe6 {[%clk 0:56:53]} Qg7+ {[%clk 0:06:51]} 47. Kf2
{[%clk 0:56:55]} Kh7 {[%clk 0:06:44]} 48. Qxf5+ {[%clk 0:56:54]} Kg8 {[%clk
0:07:08]} 49. Qe6+ {[%clk 0:57:01]} Kh7 {[%clk 0:07:28]} 50. f5 {[%clk 0:55:37]}
Qd7 {[%clk 0:07:37]} 51. Qg6+ {[%clk 0:53:32]} Kh8 {[%clk 0:08:01]} 52. Bf3
{[%clk 0:51:34]} a5 {[%clk 0:06:43]} 53. c4 {[%clk 0:47:11]} Qc7 {[%clk 0:06:49]}
54. b3 {[%clk 0:46:14]} Qd7 {[%clk 0:07:09]} 55. Be4 {[%clk 0:45:51]} 1-0

[Event "Greek Team Championship"]
[Site "chess24.com"]
[Date "2017.07.07"]
[Round "6"]
[White "Petraki, Evaggelia"]
[Black "Kyriazi, Smaragda"]
[Result "1-0"]
[Board "6"]
[WhiteElo "1939"]
[WhiteCountry "GRE"]
[WhiteFideId "4252756"]
[WhiteEloChange "2"]
[BlackElo "1304"]
[BlackCountry "GRE"]
[BlackFideId "4290364"]
[BlackEloChange "-2"]

1. e4 {[%clk 1:30:57]} e6 {[%clk 1:30:56]} 2. d4 {[%clk 1:31:23]} d5 {[%clk
1:31:22]} 3. Nc3 {[%clk 1:31:49]} Bb4 {[%clk 1:31:37]} 4. Bd3 {[%clk 1:30:11]} c5
{[%clk 1:29:24]} 5. Bd2 {[%clk 1:27:40]} cxd4 {[%clk 1:24:40]} 6. Nb5 {[%clk
1:26:07]} Bxd2+ {[%clk 1:19:52]} 7. Qxd2 {[%clk 1:26:27]} Nc6 {[%clk 1:19:07]} 8.
exd5 {[%clk 1:26:10]} exd5 {[%clk 1:18:39]} 9. Nf3 {[%clk 1:15:28]} Nge7 {[%clk
1:11:23]} 10. O-O {[%clk 1:10:31]} O-O {[%clk 1:07:36]} 11. Nbxd4 {[%clk
1:05:23]} Qb6 {[%clk 1:01:19]} 12. c3 {[%clk 1:02:39]} Bg4 {[%clk 0:57:59]} 13.
Qg5 {[%clk 0:53:26]} Bxf3 {[%clk 0:49:01]} 14. Nxf3 {[%clk 0:53:47]} h6 {[%clk
0:48:43]} 15. Qd2 {[%clk 0:53:07]} Kh8 {[%clk 0:45:05]} 16. Rfe1 {[%clk 0:42:08]}
Rfe8 {[%clk 0:41:21]} 17. Ne5 {[%clk 0:39:10]} Kg8 {[%clk 0:33:36]} 18. Qf4
{[%clk 0:26:11]} Nxe5 {[%clk 0:24:38]} 19. Rxe5 {[%clk 0:26:12]} Qxb2 {[%clk
0:19:29]} 20. Rae1 {[%clk 0:26:35]} Qxc3 {[%clk 0:15:12]} 21. Bb5 {[%clk
0:20:28]} Kf8 {[%clk 0:10:13]} 22. Bxe8 {[%clk 0:20:35]} Rxe8 {[%clk 0:10:31]}
23. h3 {[%clk 0:18:22]} Qc7 {[%clk 0:09:20]} 24. Qd4 {[%clk 0:10:27]} b6 {[%clk
0:06:49]} 25. Qxd5 {[%clk 0:09:32]} f6 {[%clk 0:05:23]} 26. Qf3 {[%clk 0:09:03]}
Kg8 {[%clk 0:05:07]} 27. Qb3+ {[%clk 0:08:47]} Kf8 {[%clk 0:05:02]} 28. R5e3
{[%clk 0:08:38]} Qb7 {[%clk 0:04:13]} 29. Qe6 {[%clk 0:07:55]} Qc7 {[%clk
0:04:10]} 30. Qg4 {[%clk 0:07:02]} Qc5 {[%clk 0:03:28]} 31. h4 {[%clk 0:05:43]}
h5 {[%clk 0:03:10]} 32. Qf4 {[%clk 0:05:37]} Qd5 {[%clk 0:02:57]} 33. Re5 {[%clk
0:04:38]} Qf7 {[%clk 0:02:46]} 34. Re6 {[%clk 0:04:59]} Qg6 {[%clk 0:02:36]} 35.
Qc7 {[%clk 0:05:24]} Qf7 {[%clk 0:02:50]} 36. Qxa7 {[%clk 0:05:35]} b5 {[%clk
0:02:55]} 37. Qc5 {[%clk 0:05:22]} f5 {[%clk 0:02:26]} 38. Qxb5 {[%clk 0:04:59]}
Kg8 {[%clk 0:02:25]} 39. Qd7 {[%clk 0:05:13]} Kf8 {[%clk 0:02:32]} 40. a4 {[%clk
0:35:03]} g6 {[%clk 0:31:28]} 41. a5 {[%clk 0:34:49]} 1-0

[Event "Greek Team Championship"]
[Site "chess24.com"]
[Date "2017.07.07"]
[Round "6"]
[White "Koutsidi, Amalia"]
[Black "Petraki, Argiro"]
[Result "1-0"]
[Board "7"]
[WhiteElo "1772"]
[WhiteCountry "GRE"]
[WhiteFideId "4244710"]
[WhiteEloChange "6"]
[BlackElo "1633"]
[BlackCountry "GRE"]
[BlackFideId "4252748"]
[BlackEloChange "-6"]

1. e4 {[%clk 1:30:57]} c5 {[%clk 1:30:29]} 2. Nf3 {[%clk 1:31:18]} Nc6 {[%clk
1:30:56]} 3. Bb5 {[%clk 1:31:32]} g6 {[%clk 1:31:18]} 4. O-O {[%clk 1:31:53]} Bg7
{[%clk 1:31:45]} 5. Re1 {[%clk 1:32:07]} a6 {[%clk 1:31:58]} 6. Bxc6 {[%clk
1:29:04]} dxc6 {[%clk 1:32:22]} 7. c3 {[%clk 1:26:07]} c4 {[%clk 1:21:50]} 8. b3
{[%clk 1:22:33]} cxb3 {[%clk 1:21:45]} 9. axb3 {[%clk 1:22:50]} Nf6 {[%clk
1:20:59]} 10. d4 {[%clk 1:20:19]} O-O {[%clk 1:14:05]} 11. Nbd2 {[%clk 1:04:34]}
b5 {[%clk 1:05:56]} 12. Qc2 {[%clk 0:53:56]} Nd7 {[%clk 1:01:59]} 13. Bb2 {[%clk
0:52:15]} Qc7 {[%clk 0:57:52]} 14. c4 {[%clk 0:47:51]} b4 {[%clk 0:53:02]} 15.
Ra4 {[%clk 0:34:09]} c5 {[%clk 0:42:48]} 16. d5 {[%clk 0:30:29]} Bxb2 {[%clk
0:42:28]} 17. Qxb2 {[%clk 0:30:53]} Nb6 {[%clk 0:42:26]} 18. Ra2 {[%clk 0:29:59]}
a5 {[%clk 0:40:18]} 19. Rea1 {[%clk 0:27:39]} Bd7 {[%clk 0:31:07]} 20. Qe5 {[%clk
0:21:02]} Qxe5 {[%clk 0:15:29]} 21. Nxe5 {[%clk 0:21:24]} a4 {[%clk 0:14:28]} 22.
Nxd7 {[%clk 0:20:53]} Nxd7 {[%clk 0:14:51]} 23. Rxa4 {[%clk 0:21:06]} Rxa4 {[%clk
0:15:08]} 24. Rxa4 {[%clk 0:20:30]} Ne5 {[%clk 0:12:05]} 25. Ra5 {[%clk 0:18:26]}
Rc8 {[%clk 0:11:01]} 26. f4 {[%clk 0:17:59]} Nd3 {[%clk 0:10:52]} 27. g3 {[%clk
0:18:10]} h5 {[%clk 0:09:16]} 28. Kf1 {[%clk 0:17:52]} h4 {[%clk 0:08:24]} 29.
Ke2 {[%clk 0:17:47]} Nc1+ {[%clk 0:08:49]} 30. Ke3 {[%clk 0:18:09]} hxg3 {[%clk
0:06:08]} 31. hxg3 {[%clk 0:18:31]} e6 {[%clk 0:04:24]} 32. dxe6 {[%clk 0:18:22]}
fxe6 {[%clk 0:02:45]} 33. Ra1 {[%clk 0:18:12]} Nxb3 {[%clk 0:02:38]} 34. Nxb3
{[%clk 0:18:36]} Kf7 {[%clk 0:02:44]} 35. Ra5 {[%clk 0:18:34]} Ke7 {[%clk
0:02:39]} 36. Rxc5 {[%clk 0:18:40]} Ra8 {[%clk 0:03:05]} 37. Ra5 {[%clk 0:19:01]}
Rd8 {[%clk 0:02:16]} 38. Rb5 {[%clk 0:18:53]} Rd1 {[%clk 0:02:30]} 39. Rxb4
{[%clk 0:19:07]} Re1+ {[%clk 0:02:55]} 40. Kf3 {[%clk 0:49:20]} Kd6 {[%clk
0:32:53]} 41. Rb6+ {[%clk 0:48:27]} 1-0

[Event "Greek Team Championship"]
[Site "chess24.com"]
[Date "2017.07.07"]
[Round "6"]
[White "Fidrilakis, Stavros"]
[Black "Alexiadis, Hristos"]
[Result "0-1"]
[Board "8"]
[WhiteElo "1929"]
[WhiteCountry "GRE"]
[WhiteFideId "4277821"]
[WhiteEloChange "-3"]
[BlackElo "2264"]
[BlackTitle "FM"]
[BlackCountry "GRE"]
[BlackFideId "4249623"]
[BlackEloChange "3"]

1. Nf3 {[%clk 1:30:57]} Nf6 {[%clk 1:30:23]} 2. g3 {[%clk 1:31:09]} d5 {[%clk
1:30:32]} 3. d4 {[%clk 1:31:17]} c6 {[%clk 1:29:33]} 4. c4 {[%clk 1:29:33]} Bf5
{[%clk 1:21:46]} 5. Bg2 {[%clk 1:24:35]} e6 {[%clk 1:22:02]} 6. O-O {[%clk
1:24:48]} Nbd7 {[%clk 1:22:01]} 7. b3 {[%clk 1:20:23]} h6 {[%clk 1:19:48]} 8. Bb2
{[%clk 1:20:29]} Be7 {[%clk 1:20:06]} 9. Ne5 {[%clk 1:14:10]} O-O {[%clk
1:20:08]} 10. Nd2 {[%clk 1:13:31]} a5 {[%clk 1:18:56]} 11. a3 {[%clk 1:10:23]}
Qc7 {[%clk 1:09:54]} 12. Rc1 {[%clk 1:04:39]} Rfd8 {[%clk 1:08:01]} 13. e3 {[%clk
0:56:18]} Qb6 {[%clk 0:52:46]} 14. Qe2 {[%clk 0:49:01]} Nxe5 {[%clk 0:49:44]} 15.
dxe5 {[%clk 0:49:17]} Ne4 {[%clk 0:49:01]} 16. cxd5 {[%clk 0:39:10]} Nxd2 {[%clk
0:47:05]} 17. Qxd2 {[%clk 0:37:12]} exd5 {[%clk 0:47:29]} 18. Qc3 {[%clk
0:35:17]} Be6 {[%clk 0:44:59]} 19. f4 {[%clk 0:30:00]} d4 {[%clk 0:44:29]} 20.
exd4 {[%clk 0:29:36]} Qxb3 {[%clk 0:44:38]} 21. Qxb3 {[%clk 0:25:23]} Bxb3 {[%clk
0:45:02]} 22. f5 {[%clk 0:24:03]} f6 {[%clk 0:40:21]} 23. e6 {[%clk 0:20:20]} Kf8
{[%clk 0:39:58]} 24. Be4 {[%clk 0:16:06]} a4 {[%clk 0:33:13]} 25. Rf2 {[%clk
0:11:17]} Bd6 {[%clk 0:27:52]} 26. Re2 {[%clk 0:10:12]} Ke7 {[%clk 0:28:14]} 27.
Kf2 {[%clk 0:06:37]} Ra5 {[%clk 0:25:11]} 28. Ke3 {[%clk 0:04:13]} Bd5 {[%clk
0:23:20]} 29. Bc3 {[%clk 0:01:02]} Rb5 {[%clk 0:23:03]} 30. Bxd5 {[%clk 0:01:17]}
Rxd5 {[%clk 0:23:26]} 31. Ke4 {[%clk 0:01:25]} h5 {[%clk 0:18:05]} 32. Rb2 {[%clk
0:00:41]} b5 {[%clk 0:17:10]} 33. Bb4 {[%clk 0:00:49]} Rxd4+ {[%clk 0:17:22]} 34.
Ke3 {[%clk 0:00:31]} Bxb4 {[%clk 0:14:07]} 35. axb4 {[%clk 0:00:39]} R4d5 {[%clk
0:14:32]} 36. Kf4 {[%clk 0:00:36]} Rd3 {[%clk 0:14:57]} 37. Re2 {[%clk 0:00:39]}
R8d4+ {[%clk 0:14:10]} 38. Re4 {[%clk 0:01:03]} Rd6 {[%clk 0:14:20]} 39. h3
{[%clk 0:01:18]} Rb3 {[%clk 0:14:28]} 40. g4 {[%clk 0:30:53]} Rxh3 {[%clk
0:44:26]} 41. gxh5 {[%clk 0:31:16]} Rh4+ {[%clk 0:44:45]} 42. Ke3 {[%clk
0:31:27]} Rxh5 {[%clk 0:44:40]} 43. Rg1 {[%clk 0:31:17]} Rg5 {[%clk 0:45:03]} 44.
Rxg5 {[%clk 0:31:08]} fxg5 {[%clk 0:45:30]} 45. Rg4 {[%clk 0:31:04]} g6 {[%clk
0:45:43]} 46. Rxg5 {[%clk 0:28:56]} gxf5 {[%clk 0:45:53]} 47. Rxf5 {[%clk
0:29:20]} Kxe6 {[%clk 0:46:19]} 48. Rh5 {[%clk 0:29:29]} Rd5 {[%clk 0:46:44]} 49.
Rh7 {[%clk 0:28:44]} Rd1 {[%clk 0:46:43]} 50. Ke4 {[%clk 0:28:02]} Kd6 {[%clk
0:46:45]} 51. Rh6+ {[%clk 0:28:06]} Kc7 {[%clk 0:46:55]} 52. Ke5 {[%clk 0:28:11]}
Kb6 {[%clk 0:46:55]} 53. Rh4 {[%clk 0:28:28]} Rc1 {[%clk 0:46:09]} 0-1

[Event "Greek Team Championship"]
[Site "chess24.com"]
[Date "2017.07.07"]
[Round "6"]
[White "Abelakiotis, Stavros"]
[Black "Petrakis, Stylianos"]
[Result "1-0"]
[Board "9"]
[WhiteElo "1861"]
[WhiteCountry "GRE"]
[WhiteFideId "4292650"]
[WhiteEloChange "13"]
[BlackElo "1977"]
[BlackCountry "GRE"]
[BlackFideId "4252764"]
[BlackEloChange "-13"]

1. e4 {[%clk 1:30:57]} e6 {[%clk 1:30:51]} 2. d4 {[%clk 1:31:20]} d5 {[%clk
1:31:18]} 3. Nd2 {[%clk 1:31:42]} Nf6 {[%clk 1:31:37]} 4. e5 {[%clk 1:32:02]}
Nfd7 {[%clk 1:32:01]} 5. Bd3 {[%clk 1:32:18]} c5 {[%clk 1:32:22]} 6. c3 {[%clk
1:32:41]} Nc6 {[%clk 1:32:34]} 7. Ne2 {[%clk 1:33:03]} cxd4 {[%clk 1:32:35]} 8.
cxd4 {[%clk 1:33:14]} f6 {[%clk 1:32:44]} 9. exf6 {[%clk 1:33:30]} Nxf6 {[%clk
1:33:09]} 10. Nf3 {[%clk 1:33:45]} Bd6 {[%clk 1:33:27]} 11. O-O {[%clk 1:34:04]}
O-O {[%clk 1:33:48]} 12. Bf4 {[%clk 1:34:26]} Bxf4 {[%clk 1:25:03]} 13. Nxf4
{[%clk 1:34:47]} Ng4 {[%clk 1:19:08]} 14. Qd2 {[%clk 1:34:39]} Qd6 {[%clk
1:15:06]} 15. g3 {[%clk 1:34:58]} Nh6 {[%clk 1:05:48]} 16. Rfe1 {[%clk 1:22:40]}
Nf5 {[%clk 1:00:52]} 17. Rac1 {[%clk 1:17:01]} Bd7 {[%clk 0:59:00]} 18. Rc3
{[%clk 1:08:08]} Rae8 {[%clk 0:55:46]} 19. Bxf5 {[%clk 0:57:45]} Rxf5 {[%clk
0:52:17]} 20. Rce3 {[%clk 0:55:46]} Ref8 {[%clk 0:39:24]} 21. Ne5 {[%clk
0:47:13]} Nxe5 {[%clk 0:19:08]} 22. Rxe5 {[%clk 0:47:24]} Rxe5 {[%clk 0:18:07]}
23. Rxe5 {[%clk 0:47:21]} Qb6 {[%clk 0:18:07]} 24. Re3 {[%clk 0:33:54]} Rf6
{[%clk 0:11:36]} 25. Rc3 {[%clk 0:31:00]} h6 {[%clk 0:06:29]} 26. Rc5 {[%clk
0:30:42]} Qd6 {[%clk 0:04:12]} 27. Nd3 {[%clk 0:30:06]} Rf8 {[%clk 0:03:15]} 28.
Ne5 {[%clk 0:27:43]} Bc6 {[%clk 0:00:45]} 29. Qc3 {[%clk 0:25:40]} Be8 {[%clk
0:00:33]} 30. Rc8 {[%clk 0:18:07]} Bb5 {[%clk 0:00:41]} 31. Rc5 {[%clk 0:11:25]}
Ba6 {[%clk 0:00:49]} 32. a4 {[%clk 0:10:24]} Qd8 {[%clk 0:00:34]} 33. b4 {[%clk
0:08:46]} Be2 {[%clk 0:00:32]} 34. Rc7 {[%clk 0:08:10]} Qf6 {[%clk 0:00:37]} 35.
Qe3 {[%clk 0:08:04]} Bh5 {[%clk 0:00:34]} 36. Nd7 {[%clk 0:04:36]} Qd8 {[%clk
0:00:36]} 37. Rxb7 {[%clk 0:04:40]} Re8 {[%clk 0:00:32]} 38. Qe5 {[%clk 0:03:36]}
Re7 {[%clk 0:00:34]} 39. Rb8 {[%clk 0:03:46]} 1-0